|
|
|
|
| LEADER |
00619nab a2200169 i 4500 |
| 001 |
misc25125 |
| 005 |
20191111110423.0 |
| 008 |
170720s1942 hu o 0|| zxx d |
| 040 |
|
|
|a SZTE Miscellanea Repozitórium
|b hun
|
| 041 |
|
|
|a zxx
|
| 100 |
1 |
|
|a Angyal Pál
|
| 245 |
1 |
2 |
|a A veszélyfogalom a büntetőjogban
|h [elektronikus dokumentum] :
|b felolvasta a M. Tud. Akadémia II. osztályának 1942. június 8-i ülésén /
|c Angyal Pál
|
| 260 |
|
|
|c 1942
|
| 300 |
|
|
|a 1-34
|
| 490 |
0 |
|
|a Kolligátum
|
| 695 |
|
|
|a Büntetőjog - magyar - 20. sz.
|
| 856 |
4 |
0 |
|u http://misc.bibl.u-szeged.hu/25125/1/015_011_001-034.pdf
|z Dokumentum-elérés
|